Globalización y desarrollo regional: evolución económica de las regiones chilenas, 1990-2002 /

Una inserción más profunda de la economía chilena en la economía global, basándose principalmente en el aprovechamiento de las ventajas comparativas del país, ha contribuido fuertemente a los cambios observados en la dinámica y la posición relativa de las regiones de Chile. Este artículo analiza y c...

תיאור מלא

שמור ב:
מידע ביבליוגרפי
מחבר ראשי: Ramírez J., Juan Carlos
מחברים אחרים: Silva Lira, Iván
פורמט: Texto
נושאים:
תגים: הוספת תג
אין תגיות, היה/י הראשונ/ה לתייג את הרשומה!

MARC

LEADER 00000 a a2200000 04500
001 16029
003
040
100 |a Ramírez J., Juan Carlos  
245 |a Globalización y desarrollo regional:   |b evolución económica de las regiones chilenas, 1990-2002 /  |c Juan Carlos Ramírez J. ; Iván Silva Lira 
520 |a Una inserción más profunda de la economía chilena en la economía global, basándose principalmente en el aprovechamiento de las ventajas comparativas del país, ha contribuido fuertemente a los cambios observados en la dinámica y la posición relativa de las regiones de Chile. Este artículo analiza y compara las dinámicas de crecimiento de esas regiones y explica sus comportamientos diferentes. Aquellas de mayor crecimiento se han insertado en la economía mundial gracias a sus recursos naturales renovables o no renovables, a procesos exportadores vinculados con actividades agroindustriales y a centros metropolitanos articulados con la economía mundial en la provisión de servicios financieros y comerciales. El crecimiento de algunas de las regiones no siempre se ha traducido en las mejoras sociales correspondientes, lo que reivindica la necesidad de políticas sociales explicitas  
650 |a CRECIMIENTO ECONOMICO  
650 |a EXPORTACIONES  
650 |a INVERSION EXTRANJERA  
650 |a CHILE  
700 |a Silva Lira, Iván  
773 |g número 95; páginas 103-124  
999 |c 40096  |d 40096